Políticas y estéticas del cuerpo en América Latina
Uloženo v:
| Médium: | Kniha |
|---|---|
| Jazyk: | English |
| Vydáno: |
Bogotá (Colombia):
Universidad de los Andes, Facultad de Ciencias Sociales-CESO, Departamento de Antropología, Ediciones Uniandes,
2007
|
| Témata: | |
| On-line přístup: | Enlace del recurso |
| Tagy: |
Přidat tag
Žádné tagy, Buďte první, kdo vytvoří štítek k tomuto záznamu!
|
MARC
| LEADER | 00000nam a22000007a 4500 | ||
|---|---|---|---|
| 003 | OSt | ||
| 005 | 20170804121906.0 | ||
| 008 | 170804b2007 ck ||||| |||| 00| 0 eng d | ||
| 020 | |a 9789586952842 | ||
| 040 | |c CNA-IDEP | ||
| 082 | |a 306.4 |b P654 | ||
| 130 | |a Políticas y estéticas del cuerpo en América Latina |9 3261 | ||
| 245 | 1 | 0 | |a Políticas y estéticas del cuerpo en América Latina |c Zandra Pedraza Gómez: compiladora |
| 260 | |a Bogotá (Colombia): |b Universidad de los Andes, |b Facultad de Ciencias Sociales-CESO, |b Departamento de Antropología, |b Ediciones Uniandes, |c 2007 | ||
| 300 | |a 424 p. | ||
| 504 | |a Incluye Bibliografía | ||
| 650 | |a Cuerpo humano |x Aspectos Sociales |z América Latina |9 3262 | ||
| 650 | |a Cuerpo humano |x Aspectos Simbólicos |z América Latina |9 3263 | ||
| 942 | |2 ddc |c BK | ||
| 999 | |c 5278 |d 5278 | ||
| 856 | |u https://catalogo.idep.edu.co/cgi-bin/koha/opac-detail.pl?biblionumber=5278 |z Enlace del recurso | ||